Sororities at University of Alabama Quiz Stats

Quiz not verified by Sporcle

Challenge
Share
Tweet
Embed
Score 0/18 Timer 03:00
0 Plays Today
Hint Answer % Correct
Alpha Chi Omega
88.2%
Alpha Phi
88.2%
Delta Gamma
88.2%
Delta Zeta
88.2%
Phi Mu
88.2%
Pi Beta Phi
85.3%
Zeta Tau Alpha
85.3%
Chi Omega
82.4%
Delta Delta Delta
82.4%
Hint Answer % Correct
Alpha Delta Pi
79.4%
Alpha Omicron Pi
79.4%
Gamma Phi Beta
79.4%
Kappa Delta
79.4%
Kappa Kappa Gamma
76.5%
Kappa Alpha Theta
73.5%
Alpha Gamma Delta
55.9%
Sigma Delta Tau
50%
Alpha Delta Chi
14.7%

You're not logged in!

Compare scores with friends on all Sporcle quizzes.
Sign Up with Email
OR
Log In

You Might Also Like...

Show Comments

Extras

Top Quizzes Today


Score Distribution

Your Account Isn't Verified!

In order to create a playlist on Sporcle, you need to verify the email address you used during registration. Go to your Sporcle Settings to finish the process.